| 000 | 00365nam a2200169Ia 4500 | ||
|---|---|---|---|
| 999 |
_c39990 _d39990 |
||
| 003 | 0100 | ||
| 005 | 20170504121613.0 | ||
| 008 | 130303s9999 xx 000 0 und d | ||
| 040 | _cARRUPELIB | ||
| 050 | _aDT107.83.M32 1965 | ||
| 100 |
_aMansfield, Peter _930562 |
||
| 245 | _aNasser's Egypt | ||
| 260 |
_bPenguin books _aMiddlesex _c1965 |
||
| 300 | _a221p | ||
| 650 |
_aEgypt _930563 _xHistory |
||
| 942 | 0 | 0 |
_01 _2lcc _cMONOGRAPH |